Six Sigma Intelligence

Business Intelligence systémy od spoločností, ako je konkrétne Business Objects, napomáhajú implementácii Six Sigma v rámci celej organizácie nasledujúcimi spôsobmi: efektívnejšia príprava, rýchlejšia implementácia, navýšený dlhodobý úspech. Six Sigma Intelligence. Príklady spoločnosti General Elect...

Description complète

Enregistré dans:
Détails bibliographiques
Auteur principal: Záhumenský, Peter
Autres auteurs: Krištanová, Anna
Format: Chapitre de livre
Langue:slovaque
Sujets:
Tags: Ajouter un tag
Pas de tags, Soyez le premier à ajouter un tag!

MARC

LEADER 00000naa$a2200000$$$4500
001 0248768
005 20240502073959.0
041 0 |a slo 
044 |a SK 
245 1 0 |a Six Sigma Intelligence  |c Peter Záhumenský, Anna Krištanová 
520 |a Business Intelligence systémy od spoločností, ako je konkrétne Business Objects, napomáhajú implementácii Six Sigma v rámci celej organizácie nasledujúcimi spôsobmi: efektívnejšia príprava, rýchlejšia implementácia, navýšený dlhodobý úspech. Six Sigma Intelligence. Príklady spoločnosti General Electric a jej divízií - GE Medical Systems, GE Capital Insurance Services, GE Card Services, GE Power Systems. 
610 2 0 |a riadenie podnikové 
610 2 0 |a metódy riadenia 
610 2 0 |a technológie informačné 
610 2 0 |a technológie komunikačné 
610 2 0 |a kvalita 
610 2 0 |a riadenie kvality 
610 2 0 |a náklady 
610 2 0 |a zákazníci 
610 2 0 |a efektívnosť 
100 1 |a Záhumenský, Peter 
700 1 |a Krištanová, Anna